|
|
|
|
| LEADER |
00000nam0a2200000 4500 |
| 001 |
118937 |
| 005 |
20231031124352.0 |
| 020 |
|
|
|a RU
|b 84-53766
|
| 035 |
|
|
|a (RuTPU)RU\TPU\book\128707
|
| 090 |
|
|
|a 118937
|
| 100 |
|
|
|a 20070620d1984 k a0rusy5003 ca
|
| 101 |
0 |
|
|a rus
|
| 102 |
|
|
|a RU
|
| 105 |
|
|
|a y z 001zy
|
| 200 |
1 |
|
|a Личные потребности
|f Л. Я. Баранова
|
| 210 |
|
|
|a Москва
|c Экономика
|d 1984
|
| 215 |
|
|
|a 199 с.
|d 21 см
|
| 610 |
1 |
|
|a потребность
|
| 610 |
1 |
|
|a потребление при социализме
|
| 610 |
1 |
|
|a формирование
|
| 610 |
1 |
|
|a развитие
|
| 610 |
1 |
|
|a личные потребности
|
| 610 |
1 |
|
|a планирование
|
| 610 |
1 |
|
|a прогнозирование
|
| 686 |
|
|
|a У011.777.7
|2 rubbk
|
| 700 |
|
1 |
|a Баранова
|b Л. Я.
|g Лиана Яковлевна
|4 070
|
| 801 |
|
0 |
|a RU
|b RuMRKP
|c 19950704
|g psbo
|
| 801 |
|
1 |
|a RU
|b 63413507
|c 20070620
|g PSBO
|
| 801 |
|
2 |
|a RU
|b 63413507
|c 20081005
|g PSBO
|
| 942 |
|
|
|c BK
|